000 00455cam a22001814a 4500
005 20250605163547.0
008 250528s ||||||||||||||||||||||||d
035 _a21776
020 _a9789602396230
040 _aGR-AtMCL
_bgre
_dGR-AtMCL
_eAACR2
245 1 _aΟΙ ΠΡΩΤΕΣ ΜΟΥ ΑΣΚΗΣΕΙΣ
250 _a1
260 _bΜαλλιάρης-Παιδεία,
_c2010
300 _a20
942 _cBK
999 _c6835
_d6835